000 00482nam a2200193Ia 4500
001 69
005 20240113233353.0
007 ta
008 041108s1989 a g b000 u u
020 _cHB
082 _a583
_bSh 61 An
100 _aShivanna ,, K, R., .
245 0 _aAngiosperms Poller /
_cShivanna, K. R..
_hTextual Documents
260 _aNew Delhi :
_bWiley Eastern Ltd ,
_c1989.
300 _a374p. :
_bill ;
653 _aBotany
942 _2ddc
_cBK
999 _c69
_d69